| 000 | 00481nam a22001577a 4500 | ||
|---|---|---|---|
| 005 | 20231129131712.0 | ||
| 008 | 231129b |||||||| |||| 00| 0 eng d | ||
| 041 | _aEnglish | ||
| 082 | _a340.06 KWA | ||
| 100 | _lEnglish | ||
| 245 |
_aThe Kwazulu-Natal Law Society : _bReport of the Council for the year 1sr July 2001 to 30th June 2002 |
||
| 260 | _c2002 | ||
| 300 |
_b40 pages ; _c22 cm. |
||
| 650 |
_aLegal practice _bLaw |
||
| 942 |
_cBK _6ALISON_BN_VRIES |
||
| 999 |
_c1052 _d1052 |
||